000 00403nam a22001577a 4500
005 20180220163537.0
008 160426b xxu||||| |||| 00| 0 eng d
020 _a81-7100501-2
041 _aeng
082 _b00031
_a001.42
100 _aGupta, Santosh
_948
245 _aResearch Methodology and Statistical Techniques
260 _aNew Delhi
_bD&D Publication Put Ltd
_c2008
300 _a510
942 _cBK
999 _c6
_d6